| 000 | 00750nam a2200241Ia 4500 | ||
|---|---|---|---|
| 001 | dia_3585 | ||
| 003 | CHAP | ||
| 005 | 20251021153545.0 | ||
| 008 | 220601s9999 xx 000 0 und d | ||
| 020 | _a0-8138-1112-0 | ||
| 040 | _cCHAP | ||
| 082 | _a664.07 R3 | ||
| 100 |
_aRayner, J. C. W. _9175841 |
||
| 245 | _aNonparametrics for sensory science: a more informative approach/J. C. W. Rayner and others | ||
| 260 | _aEstados Unidos de América: Blackwell Publishing | ||
| 300 | _a175 p. | ||
| 500 | _aI. 227063 | ||
| 650 |
_a1. Evaluación sensorial2. Evaluación sensorial-EstadísticaÌ _9175842 |
||
| 901 | _a664.07 R3 | ||
| 902 | _aM | ||
| 905 | _a0000002005 -us 0000000000eng00 | ||
| 942 |
_cLIBRO _2ddc |
||
| 999 |
_c209336 _d209336 |
||